| 000 | 00562nam a22001817a 4500 | ||
|---|---|---|---|
| 005 | 20160816102318.0 | ||
| 008 | 160816b ue ||||| |||| 00| 0 eng d | ||
| 020 | _a0816637156 | ||
| 050 | 0 | 4 |
_aND1340 _bC38 2002 |
| 100 | 1 | _aCasey, Edward S., | |
| 245 | 1 |
_aRepresenting place : _blandscape painting and maps / _cCasey, Edward S., aut. |
|
| 250 | _a1a ed. | ||
| 260 |
_aMinneapolis : _bUniversity of Minnesota press, _c2002. |
||
| 300 |
_axx, 366 p. : _bil. ; _c26 cm. |
||
| 504 | _aIncluye índice | ||
| 650 | 4 | _aPintura de paisaje | |
| 942 |
_2lcc _cLIB |
||
| 999 |
_c119882 _d119882 |
||